El Amerikába

Číselné údaje z odvodov v Snine a Humennom.

Podrobná bibliografia
Médium: Článok
Jazyk:Hungarian
Témy:
Zdroj: 1. Kassai Munkás 1. Roč. 5, č. 22 (03.06.1911) s. 5
LEADER 00775nab#a2200313#ar4500
001 000076986
003 SVKKK
005 20060717xxxxxxx.
008 06 c xo huno
FMT
038 |a SVKKK 
040 |a SVKKK  |b slo  |e AACR2 
041 0 |a hun 
044 |a xo  |c SK 
080 |a 325 
080 |a 355/359 
242 1 0 |a Preč do Ameriky 
245 0 0 |a El Amerikába 
520 2 |a Číselné údaje z odvodov v Snine a Humennom. 
650 0 4 |a odvody vojenské - vysťahovalectvo - Humenné - Snina - rok 1911 - údaje štatistické 
773 0 |t Kassai Munkás  |g Roč. 5, č. 22 (03.06.1911) s. 5 
957 |a Humenné 
957 |a Snina 
958 |a DG 
958 |a SK 
974 |a Ba  |d 20060717 
992 |a RBX 
BAS
998 |a RETRO